Statistics for World Of Warcraft Races

Click here to take the quiz!

General Stats

  • This quiz has been taken 3,277 times
    (2,855 since last reset)
  • The average score is 12 of 14

Answer Stats

Answer% Correct
AllianceHuman
99%
Orc
97%
Night Elf
95%
Dwarf
94%
Blood Elf
93%
Gnome
92%
Troll
91%
HordeTauren
90%
Undead
89%
Goblin
86%
Worgen
80%
Draenei
70%
Pandaren
68%
Pandaren
68%

Score Distribution

Percentile by Number Answered

Percent of People with Each Score

Your Score History

You have not taken this quiz since the last reset